[Event "Leipzig VfB op 25th"]
[Site "Leipzig"]
[Date "2018.03.22"]
[Round "5"]
[White "Ziese, Gerhard"]
[Black "Kielstein, Hans"]
[Result "1-0"]
[WhiteElo "1916"]
[BlackElo "1777"]
[PlyCount "113"]
[EventDate "2018.03.20"]
[EventType "swiss"]
[EventRounds "9"]
[EventCountry "GER"]
[SourceTitle "CBM 183 Extra"]
[Source "ChessBase"]
[SourceDate "2018.04.19"]
[SourceVersion "1"]
[SourceVersionDate "2018.04.19"]
[SourceQuality "1"]

1. d4 Nf6 2. c4 g6 3. Nc3 Bg7 4. e4 d6 5. Be2 0-0 6. Nf3 Nbd7 7. 0-0 e5 8. d5 a5 9. Qc2 Nc5 10. Be3 Ng4 11. Bg5 f6 12. Bd2 f5 13. Bg5 Bf6 14. Bc1 Bg7 15. Nd2 Nf6 16. f3 f4 17. Nb3 b6 18. Bd2 Bd7 19. Nxc5 dxc5 20. Rad1 Ne8 21. a4 Nd6 22. b3 Rf7 23. Na2 Qe7 24. Nc1 Re8 25. Bc3 Rff8 26. Nd3 Rf7 27. Qb2 Rff8 28. Rd2 Rf7 29. Bd1 Rff8 30. Bc2 Kh8 31. Qa1 Bf6 32. Kf2 Nf7 33. Rdd1 Bh4+ 34. Ke2 Bf6 35. Nxf4 Bg7 36. Nd3 g5 37. h3 h5 38. Rh1 Kg8 39. Rdf1 Nh6 40. Bd1 g4 41. hxg4 hxg4 42. Kd2 gxf3 43. Bxf3 Ng4 44. Bxg4 Bxg4 45. Kc2 Be2 46. Rxf8+ Kxf8 47. Qc1 Qf6 48. Qd2 Bxd3+ 49. Kxd3 Ke7 50. Qe2 Kd6 51. Rh5 Qg6 52. Rf5 Rf8 53. Bxe5+ Bxe5 54. Rxf8 Qg5 55. Rf1 Bd4 56. Qf3 Bg7 57. Qf4+ 1-0

[Event "Leipzig VfB op 24th"]
[Site "Leipzig"]
[Date "2017.03.23"]
[Round "5"]
[White "Kielstein, Hans"]
[Black "Nguyen, Alex Dac Vuong"]
[Result "0-1"]
[WhiteElo "1786"]
[BlackElo "2098"]
[PlyCount "82"]
[EventDate "2017.03.21"]
[EventType "swiss"]
[EventRounds "9"]
[EventCountry "GER"]
[SourceTitle "EXT 2018"]
[Source "ChessBase"]
[SourceDate "2017.10.13"]
[SourceVersion "1"]
[SourceVersionDate "2017.10.13"]
[SourceQuality "1"]

1. e4 e6 2. d4 d5 3. Nd2 Nf6 4. e5 Nfd7 5. Ngf3 c5 6. c3 Nc6 7. Bd3 cxd4 8. cxd4 Qb6 9. Nb3 a5 10. a4 Bb4+ 11. Kf1 Ndb8 12. g3 Bd7 13. Kg2 h6 14. h4 Na6 15. Be3 0-0-0 16. Qc2 Kb8 17. Rhc1 Rc8 18. Qe2 Be7 19. Bxa6 Qxb3 20. Bb5 Rhd8 21. Rc3 Qb4 22. Rac1 Na7 23. Bd2 Bxb5 24. Rxc8+ Rxc8 25. Rxc8+ Nxc8 26. Qxb5 Qxb5 27. axb5 b6 28. g4 Kc7 29. Kg3 Na7 30. h5 Kd7 31. Nh4 Nxb5 32. Be3 a4 33. f4 a3 34. bxa3 Nxa3 35. Nf3 b5 36. g5 Nc4 37. Bc1 b4 38. gxh6 gxh6 39. f5 b3 40. fxe6+ fxe6 41. Ne1 b2 0-1

[Event "Leipzig VfB op 24th"]
[Site "Leipzig"]
[Date "2017.03.22"]
[Round "3"]
[White "Kielstein, Hans"]
[Black "Weitzer, Steffen"]
[Result "0-1"]
[WhiteElo "1786"]
[BlackElo "2246"]
[PlyCount "90"]
[EventDate "2017.03.21"]
[EventType "swiss"]
[EventRounds "9"]
[EventCountry "GER"]
[SourceTitle "EXT 2018"]
[Source "ChessBase"]
[SourceDate "2017.10.13"]
[SourceVersion "1"]
[SourceVersionDate "2017.10.13"]
[SourceQuality "1"]

1. e4 c5 2. c4 Nc6 3. Nf3 g6 4. d4 cxd4 5. Nxd4 Bg7 6. Be3 Nf6 7. Nc3 d6 8. Be2 h5 9. f3 h4 10. Qd2 Bd7 11. 0-0 Rc8 12. Rac1 a6 13. Rfd1 0-0 14. f4 Ng4 15. Bxg4 Bxg4 16. Nde2 h3 17. Rf1 Qa5 18. Rf2 f5 19. gxh3 Bxh3 20. Ng3 fxe4 21. Ngxe4 Bf5 22. Ng3 Be6 23. Qd3 Bf5 24. Nxf5 Qxf5 25. Qd2 Kh7 26. Kh1 Nb4 27. Rg1 Bxc3 28. bxc3 Qe4+ 29. Rfg2 Nd3 30. h3 Rf5 31. Kh2 Rg8 32. Rg4 Rh5 33. Qe2 Qf5 34. Qg2 b5 35. cxb5 axb5 36. Qg3 e5 37. Rg5 Rxg5 38. fxg5 Ra8 39. Rg2 Ra4 40. h4 Kg7 41. Rd2 Rg4 42. Qh3 Nf4 43. Qf1 Rxh4+ 44. Kg1 Nh3+ 45. Kg2 Qg4+ 0-1

[Event "Miedzyzdroje OB Seniors 24th"]
[Site "Miedzyzdroje"]
[Date "2016.06.22"]
[Round "6"]
[White "Nickel, Arno"]
[Black "Kielstein, Hans"]
[Result "1-0"]
[WhiteElo "2092"]
[BlackElo "1816"]
[PlyCount "87"]
[EventDate "2016.06.17"]
[EventType "swiss"]
[EventRounds "9"]
[EventCountry "POL"]
[SourceTitle "EXT 2019"]
[Source "ChessBase"]
[SourceDate "2018.10.10"]
[SourceVersion "1"]
[SourceVersionDate "2018.10.10"]
[SourceQuality "1"]

1. d4 Nf6 2. c4 g6 3. Nc3 Bg7 4. e4 d6 5. Nf3 0-0 6. Be2 Nbd7 7. 0-0 e5 8. Re1 a5 9. Bg5 h6 10. Bc1 exd4 11. Nxd4 Nc5 12. f3 Be6 13. Be3 Re8 14. Qd2 Kh7 15. b3 Qe7 16. Rac1 Rad8 17. Bf1 c6 18. Qf2 Bc8 19. a3 Ne6 20. b4 axb4 21. axb4 Nxd4 22. Bxd4 Be6 23. Ra1 Ra8 24. Qb2 Nh5 25. Bxg7 Nxg7 26. Na4 Ra7 27. Nb6 Rxa1 28. Rxa1 Bc8 29. Rd1 Rd8 30. Qd4 Ne8 31. c5 Be6 32. Be2 f6 33. f4 Kg7 34. Bf3 Kf7 35. e5 d5 36. Nc4 Ra8 37. Nd6+ Kg7 38. Ra1 Rxa1+ 39. Qxa1 Nxd6 40. exd6 Qd7 41. h3 b6 42. cxb6 Qxd6 43. Qa7+ Bf7 44. b7 1-0

[Event "Leipzig VfB op 23rd"]
[Site "Leipzig"]
[Date "2016.03.19"]
[Round "8"]
[White "Kielstein, Hans"]
[Black "Wolf, Sascha"]
[Result "1-0"]
[WhiteElo "1815"]
[BlackElo "1399"]
[PlyCount "63"]
[EventDate "2016.03.15"]
[EventType "swiss"]
[EventRounds "9"]
[EventCountry "GER"]
[SourceTitle "EXT 2017"]
[Source "ChessBase"]
[SourceDate "2016.10.25"]
[SourceVersion "1"]
[SourceVersionDate "2016.10.25"]
[SourceQuality "1"]

1. e4 e5 2. Nf3 Nc6 3. Bb5 a6 4. Ba4 Nf6 5. 0-0 Bc5 6. c3 0-0 7. d4 exd4 8. cxd4 Bb4 9. a3 Ba5 10. b4 Bb6 11. Nc3 d6 12. h3 Bd7 13. Bg5 Qc8 14. Bxf6 gxf6 15. Bc2 Kh8 16. Qd3 Ne5 17. dxe5 Bxh3 18. g3 Bxf1 19. Qxf1 Qg4 20. Kg2 fxe5 21. Nd5 Bd4 22. Nxd4 exd4 23. Qc4 c5 24. bxc5 Rac8 25. Qxd4+ Qg7 26. Qxg7+ Kxg7 27. Ne7 Rxc5 28. Nf5+ Kf6 29. Bb3 Rd8 30. Ne3 Re8 31. Kf3 Rb5 32. Ba4 1-0

[Event "Leipzig VfB op 23rd"]
[Site "Leipzig"]
[Date "2016.03.18"]
[Round "6"]
[White "Kielstein, Hans"]
[Black "Krajinski, Lutz"]
[Result "1-0"]
[WhiteElo "1815"]
[BlackElo "1687"]
[PlyCount "65"]
[EventDate "2016.03.15"]
[EventType "swiss"]
[EventRounds "9"]
[EventCountry "GER"]
[SourceTitle "EXT 2017"]
[Source "ChessBase"]
[SourceDate "2016.10.25"]
[SourceVersion "1"]
[SourceVersionDate "2016.10.25"]
[SourceQuality "1"]

1. e4 c5 2. c4 e6 3. Nc3 Nc6 4. Nf3 Nf6 5. d4 cxd4 6. Nxd4 Bb4 7. f3 0-0 8. Be3 d5 9. cxd5 exd5 10. Nxc6 bxc6 11. e5 Re8 12. f4 Ne4 13. Qc2 Bf5 14. Bd3 f6 15. 0-0 Bxc3 16. bxc3 fxe5 17. fxe5 Bg6 18. Bf4 Re6 19. Rad1 Nc5 20. Bxg6 Rxg6 21. c4 Ne6 22. Bg3 Qa5 23. Rd2 Rd8 24. Rfd1 d4 25. Qe4 c5 26. Bh4 Ng5 27. Bxg5 Rxg5 28. e6 Qc7 29. e7 Re8 30. Re1 Rg6 31. Qd5+ Kh8 32. Qf7 Qc8 33. Rf2 1-0

[Event "Leipzig VfB op 23rd"]
[Site "Leipzig"]
[Date "2016.03.17"]
[Round "4"]
[White "Roemgens, Marcel"]
[Black "Kielstein, Hans"]
[Result "0-1"]
[WhiteElo "1669"]
[BlackElo "1815"]
[PlyCount "100"]
[EventDate "2016.03.15"]
[EventType "swiss"]
[EventRounds "9"]
[EventCountry "GER"]
[SourceTitle "EXT 2017"]
[Source "ChessBase"]
[SourceDate "2016.10.25"]
[SourceVersion "1"]
[SourceVersionDate "2016.10.25"]
[SourceQuality "1"]

1. d4 Nf6 2. Nf3 g6 3. Bf4 Bg7 4. e3 d6 5. c3 0-0 6. Nbd2 Nbd7 7. Be2 Re8 8. Bg5 e5 9. Qc2 Qe7 10. 0-0-0 c5 11. Bc4 Nb6 12. dxc5 dxc5 13. Qb3 Bd7 14. Bxf7+ Qxf7 15. Qxf7+ Kxf7 16. Bxf6 Bxf6 17. Ne4 Red8 18. Nd6+ Ke7 19. Nxb7 Rdc8 20. Nd6 Rc6 21. Ne4 Bf5 22. Nxf6 Kxf6 23. h4 Bg4 24. b3 e4 25. Ng5 Bxd1 26. Rxd1 Ke5 27. f4+ exf3 28. gxf3 h6 29. Nf7+ Kf6 30. Nxh6 Rh8 31. Ng4+ Ke6 32. c4 Rxh4 33. Rd8 Nd7 34. Rg8 Kf7 35. Ra8 a6 36. Ra7 Ke6 37. e4 Ne5 38. Ne3 Nxf3 39. Nd5 Rxe4 40. Re7+ Kf5 41. Rf7+ Kg4 42. Nf6+ Rxf6 43. Rxf6 g5 44. Rxa6 Kf4 45. Rc6 Re5 46. Rf6+ Rf5 47. Rxf5+ Kxf5 48. a3 g4 49. Kd1 g3 50. Ke2 g2 0-1

[Event "Leipzig VfB op 23rd"]
[Site "Leipzig"]
[Date "2016.03.16"]
[Round "2"]
[White "Jahn, Jens"]
[Black "Kielstein, Hans"]
[Result "0-1"]
[WhiteElo "1648"]
[BlackElo "1815"]
[PlyCount "74"]
[EventDate "2016.03.15"]
[EventType "swiss"]
[EventRounds "9"]
[EventCountry "GER"]
[SourceTitle "EXT 2017"]
[Source "ChessBase"]
[SourceDate "2016.10.25"]
[SourceVersion "1"]
[SourceVersionDate "2016.10.25"]
[SourceQuality "1"]

1. d4 Nf6 2. c4 g6 3. Nc3 Bg7 4. e4 d6 5. Nf3 Nbd7 6. Be2 0-0 7. 0-0 e5 8. Be3 Re8 9. d5 Ng4 10. Bg5 f6 11. Bd2 a5 12. Qc1 f5 13. Bg5 Ngf6 14. exf5 gxf5 15. Bh6 f4 16. Bxg7 Kxg7 17. Ng5 Nf8 18. g3 Ng6 19. Bd3 h6 20. Nge4 Bf5 21. Qc2 Rf8 22. Nxd6 Bxd3 23. Nf5+ Bxf5 24. Qxf5 Qd7 25. Qd3 Rae8 26. Rae1 b6 27. Kh1 Qe7 28. gxf4 Nxf4 29. Rg1+ Kf7 30. Qe3 Rg8 31. Ne4 Rxg1+ 32. Rxg1 Rg8 33. Rd1 Nxe4 34. Qxe4 Qg5 35. d6 cxd6 36. Qb7+ Ke6 37. Qxb6 Qg2# 0-1

[Event "Leipzig VfB op 23rd"]
[Site "Leipzig"]
[Date "2016.03.16"]
[Round "3"]
[White "Kielstein, Hans"]
[Black "Koenig, Falk"]
[Result "0-1"]
[WhiteElo "1815"]
[BlackElo "2049"]
[PlyCount "55"]
[EventDate "2016.03.15"]
[EventType "swiss"]
[EventRounds "9"]
[EventCountry "GER"]
[SourceTitle "EXT 2017"]
[Source "ChessBase"]
[SourceDate "2016.10.25"]
[SourceVersion "1"]
[SourceVersionDate "2016.10.25"]
[SourceQuality "1"]

1. e4 c5 2. c4 e6 3. Nc3 a6 4. Nf3 Qc7 5. d4 cxd4 6. Nxd4 Nf6 7. Be2 Bb4 8. Qd3 Nc6 9. f4 d6 10. Be3 Bxc3+ 11. bxc3 Bd7 12. Nb3 0-0 13. 0-0 Rfd8 14. Rad1 Be8 15. Rd2 Rac8 16. Rfd1 d5 17. cxd5 exd5 18. e5 Ne4 19. Rc2 f5 20. Rdc1 b5 21. Nd4 Qd7 22. a4 Nc5 23. Qd2 Nxa4 24. e6 Qe7 25. Bf3 Nxd4 26. Bxd4 Nc5 27. Re1 Ne4 28. Re3 0-1

[Event "Leipzig VfB op 23rd"]
[Site "Leipzig"]
[Date "2016.03.15"]
[Round "1"]
[White "Kielstein, Hans"]
[Black "Meissner, Felix"]
[Result "0-1"]
[WhiteElo "1815"]
[BlackElo "2270"]
[PlyCount "104"]
[EventDate "2016.03.15"]
[EventType "swiss"]
[EventRounds "9"]
[EventCountry "GER"]
[SourceTitle "EXT 2017"]
[Source "ChessBase"]
[SourceDate "2016.10.25"]
[SourceVersion "1"]
[SourceVersionDate "2016.10.25"]
[SourceQuality "1"]

1. e4 c5 2. c4 Nc6 3. Nf3 g6 4. d4 cxd4 5. Nxd4 Bg7 6. Be3 Nf6 7. Nc3 0-0 8. Be2 d6 9. 0-0 Bd7 10. Qd2 Qa5 11. Rfd1 Rfc8 12. f3 Nxd4 13. Bxd4 Be6 14. b3 a6 15. Rac1 Rab8 16. Ba7 Ra8 17. Bd4 h5 18. Rc2 Nd7 19. Rdc1 Kh7 20. Bxg7 Kxg7 21. Qd4+ Kg8 22. Nd5 Bxd5 23. cxd5 Qd8 24. b4 Rxc2 25. Rxc2 Rc8 26. Rc4 Ne5 27. Rc3 Rxc3 28. Qxc3 Qb6+ 29. Kf1 Qd8 30. a4 Kh7 31. a5 Nd7 32. f4 Nf6 33. Bf3 Qd7 34. Qc4 Ng4 35. Kg1 Qa4 36. Bxg4 hxg4 37. Kf2 Qd1 38. Kg3 f5 39. exf5 gxf5 40. Kf2 Qd2+ 41. Kf1 Kg6 42. g3 Qxh2 43. Qd3 Qh1+ 44. Kf2 Kf6 45. Qd4+ Kf7 46. Qd3 Kg6 47. Qe3 Qxd5 48. Qxe7 Qf3+ 49. Ke1 Qxg3+ 50. Kd1 Qf3+ 51. Kc2 Qe4+ 52. Qxe4 fxe4 0-1

[Event "Miedzyzdroje OB Seniors 23rd"]
[Site "Miedzyzdroje"]
[Date "2015.06.22"]
[Round "6"]
[White "Marsch, Alfred"]
[Black "Kielstein, Hans"]
[Result "0-1"]
[WhiteElo "1503"]
[BlackElo "1857"]
[PlyCount "48"]
[EventDate "2015.06.17"]
[EventType "swiss"]
[EventRounds "8"]
[EventCountry "POL"]
[SourceTitle "EXT 2018"]
[Source "ChessBase"]
[SourceDate "2017.10.13"]
[SourceVersion "1"]
[SourceVersionDate "2017.10.13"]
[SourceQuality "1"]

1. e4 e5 2. Nf3 Nc6 3. Bc4 Bc5 4. 0-0 Nf6 5. d3 0-0 6. a3 d5 7. exd5 Nxd5 8. Qe2 Bg4 9. h3 Nd4 10. Qe4 Bxf3 11. gxf3 c6 12. Nd2 Nxc2 13. Rb1 Nd4 14. Bxd5 cxd5 15. Qxe5 Re8 16. Qh2 Re6 17. Kh1 Bd6 18. f4 Qf6 19. Rg1 Qf5 20. Qg3 Rg6 21. Qe3 Bxf4 22. Rxg6 Bxe3 23. fxe3 Qxh3+ 24. Kg1 Qxe3+ 0-1

[Event "Miedzyzdroje OB Seniors 23rd"]
[Site "Miedzyzdroje"]
[Date "2015.06.18"]
[Round "2"]
[White "Peter, Volkhard"]
[Black "Kielstein, Hans"]
[Result "1-0"]
[WhiteElo "1752"]
[BlackElo "1857"]
[PlyCount "75"]
[EventDate "2015.06.17"]
[EventType "swiss"]
[EventRounds "8"]
[EventCountry "POL"]
[SourceTitle "EXT 2018"]
[Source "ChessBase"]
[SourceDate "2017.10.13"]
[SourceVersion "1"]
[SourceVersionDate "2017.10.13"]
[SourceQuality "1"]

1. e4 e5 2. f4 exf4 3. Bc4 Qh4+ 4. Kf1 Nc6 5. Nf3 Qh5 6. d4 d6 7. Bxf4 Bg4 8. c3 0-0-0 9. Qd3 Nge7 10. Nbd2 d5 11. exd5 Nxd5 12. Bg3 f5 13. Ne5 f4 14. Nxc6 bxc6 15. Ba6+ Kb8 16. Bf2 Bd6 17. Qc4 Bc8 18. Bxc8 Kxc8 19. Qa6+ Kd7 20. Re1 Rde8 21. Nf3 Ne3+ 22. Bxe3 fxe3 23. Qe2 Rhf8 24. Kg1 Kd8 25. c4 c5 26. d5 g5 27. Nd4 Qh4 28. Ne6+ Rxe6 29. dxe6 Bf4 30. Qd3+ Ke7 31. Rf1 Kxe6 32. Qd5+ Kf6 33. g3 Qg4 34. Qxc5 e2 35. Qxf8+ Kg6 36. Qe8+ Kh6 37. Re1 Bxg3 38. hxg3+ 1-0

[Event "Leipzig VfB op 22nd"]
[Site "Leipzig"]
[Date "2015.03.05"]
[Round "5"]
[White "Kielstein, Hans"]
[Black "Jahn, Jens"]
[Result "1-0"]
[WhiteElo "1875"]
[BlackElo "1653"]
[PlyCount "113"]
[EventDate "2015.03.03"]
[EventType "swiss"]
[EventRounds "9"]
[EventCountry "GER"]
[SourceTitle "EXT 2016"]
[Source "ChessBase"]
[SourceDate "2015.10.08"]
[SourceVersion "1"]
[SourceVersionDate "2015.10.08"]
[SourceQuality "1"]

1. e4 d5 2. exd5 Qxd5 3. Nc3 Qa5 4. d4 Bf5 5. Nf3 c6 6. Bd3 Bxd3 7. Qxd3 Nf6 8. 0-0 e6 9. Bg5 Nbd7 10. Rfe1 Be7 11. Ne5 Qc7 12. Rad1 0-0 13. Ne4 Nxe5 14. dxe5 Nxe4 15. Bxe7 Nxf2 16. Qd6 Qxd6 17. Rxd6 Rfe8 18. Rd7 Ng4 19. Rxb7 Reb8 20. Rb4 Rxb4 21. Bxb4 Rd8 22. Bd6 Nh6 23. c4 Nf5 24. c5 Nxd6 25. exd6 Rb8 26. Re2 Kf8 27. a3 a5 28. b4 axb4 29. Rb2 Ke8 30. axb4 Kd7 31. Kf2 f5 32. Ke3 e5 33. Kd3 e4+ 34. Ke3 g5 35. h4 h6 36. g3 Rb7 37. hxg5 hxg5 38. g4 f4+ 39. Kxe4 Ke6 40. Kf3 Kd7 41. Rh2 Rxb4 42. Rh5 Rb3+ 43. Ke4 f3 44. Rxg5 f2 45. Rf5 Rb2 46. g5 Rb4+ 47. Kd3 Ke6 48. Rxf2 Rb3+ 49. Kc4 Rg3 50. Re2+ Kd7 51. Re7+ Kd8 52. Rc7 Rg4+ 53. Kd3 Rxg5 54. Rxc6 Kd7 55. Rc7+ Kd8 56. Kc4 Rg1 57. Kb5 1-0

[Event "Leipzig VfB op 22nd"]
[Site "Leipzig"]
[Date "2015.03.04"]
[Round "2"]
[White "Bielfeldt, Michael"]
[Black "Kielstein, Hans"]
[Result "1-0"]
[WhiteElo "1710"]
[BlackElo "1875"]
[PlyCount "106"]
[EventDate "2015.03.03"]
[EventType "swiss"]
[EventRounds "9"]
[EventCountry "GER"]
[SourceTitle "EXT 2016"]
[Source "ChessBase"]
[SourceDate "2015.10.08"]
[SourceVersion "1"]
[SourceVersionDate "2015.10.08"]
[SourceQuality "1"]

1. d4 Nf6 2. Nf3 g6 3. Bf4 Bg7 4. e3 0-0 5. Bd3 d5 6. h3 Nc6 7. c3 Re8 8. Nbd2 Nh5 9. Bh2 e5 10. dxe5 Nxe5 11. Nxe5 Bxe5 12. Bxe5 Rxe5 13. Nf3 Re7 14. 0-0 Ng7 15. Qc2 Bf5 16. Rfd1 Rd7 17. Nd4 Bxd3 18. Rxd3 c6 19. Nf3 Qc7 20. Rad1 Re7 21. c4 dxc4 22. Qxc4 Ne6 23. Nd4 Nxd4 24. Rxd4 c5 25. Rd5 b6 26. a4 Rae8 27. b3 Qb7 28. Qc3 Rc7 29. Qf6 Qc6 30. Rd6 Qe4 31. Rd8 Rce7 32. Qc3 Rxd8 33. Rxd8+ Re8 34. Rd7 Re7 35. Rd1 Qe6 36. Qd3 Kg7 37. Kf1 Rc7 38. Ke2 Qc6 39. f3 f6 40. e4 Qe6 41. Qd5 Qe5 42. Qxe5 fxe5 43. Rd5 Kf6 44. Kd3 Ke6 45. Kc4 a6 46. Rd8 h5 47. Ra8 b5+ 48. axb5 axb5+ 49. Kxb5 Rb7+ 50. Kc4 Rb4+ 51. Kc3 Rb5 52. Ra6+ Kf7 53. Ra3 Rb4 1-0

[Event "Leipzig VfB op 22nd"]
[Site "Leipzig"]
[Date "2015.03.04"]
[Round "3"]
[White "Kielstein, Hans"]
[Black "Neumann, Uwe"]
[Result "1-0"]
[WhiteElo "1875"]
[BlackElo "1729"]
[PlyCount "91"]
[EventDate "2015.03.03"]
[EventType "swiss"]
[EventRounds "9"]
[EventCountry "GER"]
[SourceTitle "EXT 2016"]
[Source "ChessBase"]
[SourceDate "2015.10.08"]
[SourceVersion "1"]
[SourceVersionDate "2015.10.08"]
[SourceQuality "1"]

1. e4 e5 2. Nf3 Nc6 3. Bb5 Nge7 4. 0-0 d6 5. h3 Bd7 6. c3 a6 7. Ba4 b5 8. Bc2 Ng6 9. d3 h6 10. Re1 Be7 11. Nbd2 0-0 12. Nf1 f5 13. exf5 Bxf5 14. d4 exd4 15. cxd4 Qd7 16. Ng3 Bxc2 17. Qxc2 Nh4 18. Nxh4 Bxh4 19. Be3 Rae8 20. Rac1 Bxg3 21. fxg3 Nb8 22. Qxc7 Qe6 23. Bf4 Qxe1+ 24. Rxe1 Rxe1+ 25. Kh2 Ree8 26. Bxd6 Rf7 27. Qa5 Rf6 28. Be5 Rfe6 29. Qc7 R6e7 30. Qd6 Re6 31. Qd5 Kh8 32. Bxb8 Re4 33. Be5 Re2 34. Qb3 R2xe5 35. dxe5 Rxe5 36. a4 Rc5 37. a5 Rc6 38. Qf3 Rf6 39. Qb7 Kh7 40. Qe4+ Kg8 41. b4 Kh8 42. h4 h5 43. Kh3 g6 44. g4 hxg4+ 45. Kxg4 Kg7 46. Kg5 1-0

[Event "Leipzig VfB op 21st"]
[Site "Leipzig"]
[Date "2014.03.08"]
[Round "9"]
[White "Kielstein, Hans"]
[Black "Schomann, Michael"]
[Result "1-0"]
[WhiteElo "1908"]
[BlackElo "1726"]
[PlyCount "125"]
[EventDate "2014.03.04"]
[EventType "tourn"]
[EventRounds "9"]
[EventCountry "GER"]
[SourceTitle "CBM 159 Extra"]
[Source "ChessBase"]
[SourceDate "2014.04.24"]
[SourceVersion "1"]
[SourceVersionDate "2014.04.24"]
[SourceQuality "1"]

1. e4 c5 2. c4 Nc6 3. Ne2 Nf6 4. Nbc3 g6 5. d4 cxd4 6. Nxd4 Nxd4 7. Qxd4 d6 8. Be2 Bg7 9. Be3 0-0 10. Qd2 b6 11. f4 Bb7 12. Bf3 Rc8 13. e5 Bxf3 14. exf6 Bxg2 15. fxg7 Bxh1 16. gxf8Q+ Qxf8 17. 0-0-0 Bb7 18. b3 f5 19. Kb2 Qh6 20. Bd4 Re8 21. Nd5 Bxd5 22. cxd5 Kf7 23. Bc3 e5 24. dxe6+ Rxe6 25. Qd5 Qxh2+ 26. Ka3 Qe2 27. Re1 Qa6+ 28. Kb2 Qc8 29. Qd4 Qf8 30. Qc4 Qe8 31. Bb4 Qe7 32. Qd5 Kf6 33. Bc3+ Kf7 34. Re3 h5 35. Be1 Qe8 36. Bh4 Qd7 37. a4 a5 38. Be1 Qe7 39. Bc3 Qd7 40. Bd4 Ke7 41. Bxb6 Rxe3 42. Bxe3 Qe6 43. Qb7+ Qd7 44. Qb6 Qe6 45. Qa7+ Kf8 46. Bd2 h4 47. Qf2 Qf6+ 48. Ka2 h3 49. Qg3 Qh8 50. Qh2 Qh5 51. Bxa5 Qg4 52. Be1 Ke8 53. Ka3 Kd7 54. Bg3 Qd1 55. Qf2 Qa1+ 56. Kb4 Qh1 57. Bh2 Qb7+ 58. Ka3 Qd5 59. Bg1 Qc5+ 60. Qxc5 dxc5 61. b4 cxb4+ 62. Kxb4 Kc6 63. Kc4 1-0

[Event "Leipzig VfB op 21st"]
[Site "Leipzig"]
[Date "2014.03.05"]
[Round "2"]
[White "Thalwitzer, Bernd"]
[Black "Kielstein, Hans"]
[Result "1-0"]
[WhiteElo "1730"]
[BlackElo "1908"]
[PlyCount "91"]
[EventDate "2014.03.04"]
[EventType "tourn"]
[EventRounds "9"]
[EventCountry "GER"]
[SourceTitle "CBM 159 Extra"]
[Source "ChessBase"]
[SourceDate "2014.04.24"]
[SourceVersion "1"]
[SourceVersionDate "2014.04.24"]
[SourceQuality "1"]

1. e4 e5 2. Nf3 Nc6 3. Bb5 a6 4. Ba4 Nf6 5. Qe2 b5 6. Bb3 Bc5 7. h3 0-0 8. d3 d6 9. c3 Be6 10. Nbd2 Bxb3 11. axb3 Re8 12. Nf1 d5 13. Ng3 dxe4 14. dxe4 Bf8 15. 0-0 g6 16. Bg5 h6 17. Rfd1 Qe7 18. Be3 Bg7 19. b4 Kh7 20. Bc5 Qe6 21. Ne1 Nd7 22. Nd3 Qc4 23. Qf3 Qe6 24. Be3 a5 25. bxa5 Nxa5 26. b4 Nc4 27. Nc5 Nxc5 28. Bxc5 Bf8 29. Bxf8 Rxf8 30. Nf1 Kg7 31. Qe2 c6 32. Ne3 Rxa1 33. Rxa1 Nxe3 34. Qxe3 Qc4 35. Rd1 Ra8 36. Qf3 Ra3 37. Rd6 f5 38. Qg3 Qf7 39. Qxe5+ Kh7 40. exf5 gxf5 41. Rxc6 Ra7 42. Rf6 Qd7 43. Qxf5+ Qxf5 44. Rxf5 Rc7 45. Rc5 Rb7 46. f4 1-0

[Event "Leipzig VfB op 20th"]
[Site "Leipzig"]
[Date "2013.03.08"]
[Round "6"]
[White "Haerig, Wolfram"]
[Black "Kielstein, Hans"]
[Result "1-0"]
[WhiteElo "1759"]
[BlackElo "1958"]
[PlyCount "171"]
[EventDate "2013.03.05"]
[EventType "swiss"]
[EventRounds "9"]
[EventCountry "GER"]
[SourceTitle "EXT 2014"]
[Source "ChessBase"]
[SourceDate "2013.11.20"]
[SourceVersion "1"]
[SourceVersionDate "2013.11.20"]
[SourceQuality "1"]

1. e4 e5 2. Nf3 Nc6 3. Bb5 a6 4. Bxc6 dxc6 5. 0-0 Bg4 6. h3 Bxf3 7. Qxf3 Qf6 8. Qe2 0-0-0 9. d3 Bd6 10. Be3 Ne7 11. Nd2 Ng6 12. Qg4+ Rd7 13. Bg5 Qe6 14. Qxe6 fxe6 15. g3 Rf8 16. Be3 b6 17. Rfd1 Kb7 18. Nb3 c5 19. a4 a5 20. Nd2 Ne7 21. Nc4 Nc6 22. c3 Rfd8 23. Kf1 Be7 24. Ke2 Bf6 25. Rd2 Kc8 26. h4 h6 27. Rh1 Kb7 28. g4 Rh8 29. Rdd1 Kc8 30. g5 hxg5 31. hxg5 Rxh1 32. Rxh1 Be7 33. g6 Bf6 34. f3 Ne7 35. Rg1 Rd8 36. Rg2 Rh8 37. Nd2 Rh1 38. Nf1 Kd7 39. Bg1 Rh6 40. Bh2 Rxg6 41. Rxg6 Nxg6 42. Ne3 Bg5 43. Nc4 Bf4 44. Bg1 Ne7 45. Be3 Nc6 46. Na3 Nd8 47. Nc4 Nf7 48. b3 Nd6 49. Na3 c6 50. Nc2 Kc7 51. Bf2 Kb7 52. Ne1 Ka6 53. Nc2 Nb7 54. Kd1 b5 55. Na1 Kb6 56. Kc2 Kc7 57. Kb2 Bg5 58. Nc2 Be7 59. Ne3 Bd6 60. Ng4 Nd8 61. Kc2 Nf7 62. Kd2 Ng5 63. Ke3 Nh3 64. Be1 Nf4 65. Bd2 Kb6 66. Bc1 c4 67. dxc4 bxc4 68. bxc4 Bc7 69. Ba3 Bb8 70. Bf8 g6 71. Bg7 g5 72. Nxe5 Bxe5 73. Bxe5 Kc5 74. Bxf4 gxf4+ 75. Kxf4 Kxc4 76. Ke5 Kxc3 77. Kxe6 Kd4 78. Kd6 c5 79. e5 c4 80. e6 c3 81. e7 c2 82. e8Q c1Q 83. Qe5+ Kd3 84. Qe4+ Kd2 85. Qf4+ Kc2 86. Qxc1+ 1-0

[Event "Leipzig VfB op 20th"]
[Site "Leipzig"]
[Date "2013.03.07"]
[Round "4"]
[White "Rohne, Lars"]
[Black "Kielstein, Hans"]
[Result "1-0"]
[WhiteElo "2153"]
[BlackElo "1958"]
[PlyCount "73"]
[EventDate "2013.03.05"]
[EventType "swiss"]
[EventRounds "9"]
[EventCountry "GER"]
[SourceTitle "EXT 2014"]
[Source "ChessBase"]
[SourceDate "2013.11.20"]
[SourceVersion "1"]
[SourceVersionDate "2013.11.20"]
[SourceQuality "1"]

1. d4 Nf6 2. Nc3 g6 3. e4 d6 4. Bg5 Bg7 5. Qd2 0-0 6. Bh6 c5 7. d5 Bd7 8. f3 Qa5 9. h4 Na6 10. h5 Rfe8 11. Bxg7 Kxg7 12. hxg6 fxg6 13. a3 b5 14. Nxb5 Qb6 15. c4 Reb8 16. Bd3 Nc7 17. Qh6+ Kf7 18. Nxc7 Qxc7 19. Rb1 Rb3 20. Bc2 Rb7 21. Ne2 Rab8 22. Qc1 Rb6 23. Nc3 Qb7 24. b3 a5 25. e5 dxe5 26. Ne4 h5 27. Nxc5 Qc7 28. Qe3 e6 29. Nxd7 Nxd7 30. dxe6+ Rxe6 31. 0-0 Kg7 32. f4 Rf6 33. f5 gxf5 34. Qg5+ Rg6 35. Qxf5 Rf6 36. Qg5+ Rg6 37. Qxg6+ 1-0

[Event "Leipzig VfB op 20th"]
[Site "Leipzig"]
[Date "2013.03.06"]
[Round "2"]
[White "Steingraeber, Kai Uwe"]
[Black "Kielstein, Hans"]
[Result "1-0"]
[WhiteElo "2137"]
[BlackElo "1958"]
[PlyCount "83"]
[EventDate "2013.03.05"]
[EventType "swiss"]
[EventRounds "9"]
[EventCountry "GER"]
[SourceTitle "EXT 2014"]
[Source "ChessBase"]
[SourceDate "2013.11.20"]
[SourceVersion "1"]
[SourceVersionDate "2013.11.20"]
[SourceQuality "1"]

1. d4 Nf6 2. c4 g6 3. Nc3 Bg7 4. e4 d6 5. Nf3 0-0 6. Be2 e5 7. 0-0 Nbd7 8. Be3 Ng4 9. Bg5 f6 10. Bh4 c6 11. Qb3 Qb6 12. Qa3 Qc7 13. Rfd1 Nh6 14. Rd2 Nf7 15. Rad1 Re8 16. b4 Nf8 17. d5 g5 18. Bg3 Ng6 19. c5 dxc5 20. bxc5 Nf4 21. Bxf4 gxf4 22. d6 Qd7 23. Nh4 Nh6 24. Nf5 Nxf5 25. Bg4 Qf7 26. exf5 Bd7 27. Ne4 b5 28. Qa5 Rec8 29. Qa6 Rcb8 30. f3 Qe8 31. g3 fxg3 32. hxg3 Bc8 33. Qa3 Rb7 34. Qb3+ Kh8 35. Rh2 a5 36. Kg2 a4 37. Rxh7+ Kxh7 38. Rh1+ Bh6 39. Nxf6+ Kh8 40. Rxh6+ Kg7 41. Nxe8+ Kxh6 42. Qg8 1-0